केदारनाथ अग्रवालःकविता का लोक आलोक / (Record no. 72904)

MARC details
000 -LEADER
fixed length control field 01428nam a22002897a 4500
005 - DATE AND TIME OF LATEST TRANSACTION
control field 2013011408068.0
008 - FIXED-LENGTH DATA ELEMENTS--GENERAL INFORMATION
fixed length control field 121226t xxu||||| |||| 00| 0 hin d
010 ## - LCCN (DPL NO)
LC control number HIN-98113
020 ## - INTERNATIONAL STANDARD BOOK NUMBER
Terms of availability 795.00
International Standard Book Number 9789381945407
035 ## - SYSTEM CONTROL NUMBER
System control number HN-70459
037 ## - SOURCE OF ACQUISITION
Source of stock number/acquisition DBAD / PUB
040 ## - CATALOGING SOURCE
Original cataloging agency DPL
Language of cataloging HN
082 ## - DEWEY DECIMAL CLASSIFICATION NUMBER
Classification number 821.08
100 ## - MAIN ENTRY--PERSONAL NAME
9 (RLIN) 27482
245 ## - TITLE STATEMENT
Title केदारनाथ अग्रवालःकविता का लोक आलोक /
Statement of responsibility, etc संतोष भदौरिया एवं नरेन्द्र पुण्डरीक द्वारा संपादित
260 ## - PUBLICATION, DISTRIBUTION, ETC. (IMPRINT)
Name of publisher, distributor, etc यश पब्लिकेशन्स
Date of publication, distribution, etc 2012
Place of publication, distribution, etc दिल्ली
270 ## - ADDRESS
Address 1/10753 गली नं 3, सुभाष पार्क, नवीन शाहदरा, नियर कीर्ति मंदिर
City दिल्ली
Postal code 110032
Telephone number 09899938522
Electronic mail address yashpublicationdelhi@gmail.com
300 1# - PHYSICAL DESCRIPTION
Extent 360पृ.
Dimensions 22सेमी (सजिल्द)
650 ## - SUBJECT ADDED ENTRY--TOPICAL TERM
9 (RLIN) 1170
650 ## - SUBJECT ADDED ENTRY--TOPICAL TERM
9 (RLIN) 54617
700 ## - ADDED ENTRY--PERSONAL NAME
9 (RLIN) 27483
Personal name भदौरिया, संतोष
700 ## - ADDED ENTRY--PERSONAL NAME
Personal name पुण्डरीक, नरेन्द्र
9 (RLIN) 54736
710 ## - ADDED ENTRY--CORPORATE NAME
9 (RLIN) 52094
711 ## - ADDED ENTRY--MEETING NAME
9 (RLIN) 52444
942 ## - ADDED ENTRY ELEMENTS (KOHA)
Institution code [OBSOLETE] dpl
Item type Hindi Books
Source of classification or shelving scheme Dewey Decimal Classification
Call number suffix केदार
Classification part 821.08
Holdings
Withdrawn status Lost status Source of classification or shelving scheme Damaged status Not for loan Collection code Home library Current library Date acquired Source of acquisition Cost, normal purchase price Total Checkouts Full call number Barcode Date last seen Copy number Cost, replacement price Koha item type
    Dewey Decimal Classification   Not For Loan Non-fiction D.B.Act.Division D.B.Act.Division 14/01/2013 DBAD / PUB 795.00   821.08 केदार HN-70459 14/01/2013 1 795.00 Hindi Books

© Delhi Public Library
Hit Counter
free hit counter